00255nam a2200097Ia 4500008004100000082001900041100001100060245004800071260002800119300001000147210430s9999 xx 000 0 und d a541.369 P477 C aPeters aConcise Chemical Thermodynamics 3rdcPeters aLondonbCRC Pressc2010 a214 p